| 000 | 06898cam a22020654i 4500 | ||
|---|---|---|---|
| 003 | PE-LiUPU | ||
| 005 | 20250813165743.0 | ||
| 008 | 150706s2009 pe a rb 000 0 spa d | ||
| 020 |
_a9786124549304 _q(Obra Completa) |
||
| 020 |
_a9786124549311 _q(volumen 1) |
||
| 035 | _a(Sirsi) a47470 | ||
| 040 |
_aPE-LiUPU _bspa _cPE-LiUPU _dPE-LiUPU _erda |
||
| 049 | _aPRUA | ||
| 082 | 0 | 4 |
_a657.3 _bA82 _221 |
| 082 | 0 | 4 |
_a657.61 _bA64 2009 |
| 082 | 0 | 4 |
_a657.3 _bA64 T1 2009 |
| 100 | 1 |
_aApaza Meza, Mario, _eautor. |
|
| 245 | 1 | 4 |
_aLas finanzas y las NIIF aplicadas al nuevo PCGE / _cMario Apaza Meza. |
| 250 | _aPrimera edición. | ||
| 264 | 1 |
_aLima : _bGrupo Acropolis, _c2009. |
|
| 300 |
_a644 páginas : _bilustraciones ; _c25 centímetros. |
||
| 300 | _a02 CD-ROM | ||
| 336 |
_atext _2rdacontent |
||
| 337 |
_aunmediated _2rdamedia |
||
| 338 |
_avolume _2rdacarrier |
||
| 490 | 0 |
_aEnciclopedia PCGE de Contabilidad y Finanzas: PCGE y NIIF ; _v1 |
|
| 505 | 0 | _aLas finanzas y las NIIF aplicadas al nuevo PCGE -- Criterios de reconocimientos y medición de los elementos de la EE:FF según el OCGE y NIIF -- Valor temporal de dinero en el PECG y NIF -- Herramientas financieras en el PCGE y NIIF -- Presupuesto y pronóstico financiero en el PECG y NIIF -- Valoracilón de empresas en el nuevo PECG YNIIF -- Plan contable general para empresas PECG -- Elaboración de los EE.FF. conforme al PCGE y NIIF. | |
| 526 | _aP203 | ||
| 526 | _aP200 | ||
| 526 | _aSEG65 | ||
| 526 | _aSEG64 | ||
| 526 | _aSEG63 | ||
| 526 | _aSEG62 | ||
| 526 | _aSEG61 | ||
| 526 | _aSEG60 | ||
| 526 | _aSEG59 | ||
| 526 | _aSEG58 | ||
| 526 | _aSEG57 | ||
| 526 | _aSEG56 | ||
| 526 | _aSEG55 | ||
| 526 | _aSEG54 | ||
| 526 | _aSEG53 | ||
| 526 | _aSEG52 | ||
| 526 | _aSEG51 | ||
| 526 | _aSEG50 | ||
| 526 | _aSEG49 | ||
| 526 | _aSEG48 | ||
| 526 | _aSEG47 | ||
| 526 | _aSEG46 | ||
| 526 | _aSEG24 | ||
| 526 | _aSEG23 | ||
| 526 | _aSEG22 | ||
| 526 | _aSEG21 | ||
| 526 | _aSEG20 | ||
| 526 | _aSEG19 | ||
| 526 | _aSEG18 | ||
| 526 | _aSEG17 | ||
| 526 | _aSEG16 | ||
| 526 | _aSEG14 | ||
| 526 | _aSEG13 | ||
| 526 | _aSEG12 | ||
| 526 | _aSEG11 | ||
| 526 | _aSEG10 | ||
| 526 | _aSEG09 | ||
| 526 | _aSEG06 | ||
| 526 | _aSEG05 | ||
| 526 | _aSEG04 | ||
| 526 | _aSEG03 | ||
| 526 | _aSEG02 | ||
| 526 | _aSEG68 | ||
| 526 | _aSEG66 | ||
| 526 | _aSEG45 | ||
| 526 | _aSEG25 | ||
| 526 | _aSEG01 | ||
| 526 | _aP163 | ||
| 526 | _aP162 | ||
| 526 | _aP161 | ||
| 526 | _aP160 | ||
| 526 | _aP159 | ||
| 526 | _aP158 | ||
| 526 | _aP157 | ||
| 526 | _aP156 | ||
| 526 | _aP155 | ||
| 526 | _aP154 | ||
| 526 | _aP153 | ||
| 526 | _aP152 | ||
| 526 | _aP151 | ||
| 526 | _aP150 | ||
| 526 | _aP149 | ||
| 526 | _aP142 | ||
| 526 | _aP141 | ||
| 526 | _aP140 | ||
| 526 | _aP139 | ||
| 526 | _aP138 | ||
| 526 | _aP137 | ||
| 526 | _aP132 | ||
| 526 | _aP131 | ||
| 526 | _aP130 | ||
| 526 | _aP126 | ||
| 526 | _aP125 | ||
| 526 | _aP124 | ||
| 526 | _aP123 | ||
| 526 | _aP115 | ||
| 526 | _aP122 | ||
| 526 | _aP121 | ||
| 526 | _aP116 | ||
| 526 | _a P114 | ||
| 526 | _aP112 | ||
| 526 | _aP111 | ||
| 526 | _aP104 | ||
| 526 | _aP103 | ||
| 526 | _aP102 | ||
| 526 | _aP101 | ||
| 526 | _aP100 | ||
| 526 | _aP96 | ||
| 526 | _aP95 | ||
| 526 | _aP93 | ||
| 526 | _aP92 | ||
| 526 | _aP91 | ||
| 526 | _aP88 | ||
| 526 | _aP83 | ||
| 526 | _aP82 | ||
| 526 | _aP79 | ||
| 526 | _aP78 | ||
| 526 | _aP75 | ||
| 526 | _aP74 | ||
| 526 | _aP71 | ||
| 526 | _aP69 | ||
| 526 | _a P51 | ||
| 526 | _aP49 | ||
| 526 | _aP48 | ||
| 526 | _aP47 | ||
| 526 | _aP33 | ||
| 526 | _aP31 | ||
| 526 | _a P30 | ||
| 526 | _aP29 | ||
| 526 | _aP27 | ||
| 526 | _aP26 | ||
| 526 | _aP25 | ||
| 526 | _aP24 | ||
| 526 | _a P22 | ||
| 526 | _aP10 | ||
| 526 | _aP09 | ||
| 526 | _a P08 | ||
| 526 | _aP06 | ||
| 526 | _aP05 | ||
| 526 | _aP04 | ||
| 526 | _aP01 | ||
| 541 | _g015-0010702; | ||
| 541 | _g001-0034042; | ||
| 541 | _g001-0036504; | ||
| 650 | 2 | 4 |
_aFinanzas. _93938 |
| 650 | 1 | 4 |
_aEmpresas _xFinanzas. |
| 650 | 1 | 4 |
_aContabilidad _xFinanzas. |
| 910 |
_agl _bjv _cng _d20090826 |
||
| 910 |
_btqv _cwelc _d20170601 |
||
| 942 |
_2ddc _cBOOK |
||
| 949 |
_a657.3 A82 _wDEWEY _c1 _i60122 _lCCODEBUL1 _mBUL _p38.00 _r0 _sY _tLIBRO _u2015-07-06 _xFCE _PP08 _o.STAFF. Colección Ciencias Empresariales |
||
| 949 |
_a657.3 A82 _wDEWEY _c2 _i64230 _lCCODEBUL1 _mBUL _p56.00 _r0 _sY _tLIBRO _u2015-07-06 _xFCE _PP08 _o.STAFF. Colección General |
||
| 949 |
_a657.3 A82 _wDEWEY _c3 _i66124 _lCCODEBUL1 _mBUL _p46.00 _r0 _sY _tLIBRO _u2015-07-06 _xFCE _PP08 _o.STAFF. Colección General |
||
| 949 |
_a657.61 A64 T1 2009 _wDEWEY _c1 _iFJ07913 _lCCODEBUJ1 _mBUJ _p30.00 _r0 _sY _tBOOK _u2017-06-01 _xFCE _PP08 _0COMPRA _o.STAFF. Colección General Juliaca |
||
| 949 |
_a657.61 A64 T1 2009 _wDEWEY _c2 _iFJ08959 _lCCODEBUJ1 _mBUJ _p30.00 _r0 _sY _tBOOK _u2017-10-13 _xFCE _PP08 _0COMPRA _o.STAFF. Colección General Juliaca |
||
| 949 |
_a657.3 A64 T1 2009 _wDEWEY _c1 _iFJ09985 _lCCODEBUJ1 _mBUJ _p30.00 _r0 _sY _tBOOK _u2017-10-13 _xFCE _PP08 _0COMPRA _o.STAFF. Colección General Juliaca |
||
| 949 |
_a657.3 A64 T1 2009 _wDEWEY _c2 _iFJ09986 _lCCODEBUJ1 _mBUJ _p30.00 _r0 _sY _tBOOK _u2017-10-13 _xFCE _PP08 _0COMPRA _o.STAFF. Colección General Juliaca |
||
| 994 |
_aC0 _bPEPRU |
||
| 596 | _a1 3 | ||
| 999 |
_a657.3 A82 _wDEWEY _c49617 _i60122 _d49617 _e2018-6-5 _f2021-11-5 _g6 _lCCODEBUL1 _mBUL _n2 _p38.00 _q1 _r0 _sY _tBOOK _u2015-7-6 _xFCE _PP08 _0COMPRA _o.STAFF. Colección Ciencias Empresariales |
||
| 999 |
_a657.3 A82 _wDEWEY _c2 _i64230 _f2019-12-11 _g5 _lCCODEBUL1 _mBUL _p56.00 _r0 _sY _tBOOK _u2015-7-6 _xFCE _PP08 _0COMPRA _o.STAFF. Colección General |
||
| 999 |
_a657.3 A82 _wDEWEY _c3 _i66124 _f2019-12-11 _g5 _lCCODEBUL1 _mBUL _p46.00 _r0 _sY _tBOOK _u2015-7-6 _xFCE _PP08 _0COMPRA _o.STAFF. Colección General |
||
| 999 |
_a657.3 A64 T1 2009 _wDEWEY _c1 _iFJ09985 _d2019-4-1 _e2018-9-14 _f2022-1-31 _g4 _lCCODEBUJ1 _mBUJ _n1 _p30.00 _q5 _r0 _sY _tBOOK _u2015-12-11 _xFCE _PP08 _0COMPRA _o.STAFF. Colección General Juliaca |
||
| 999 |
_a657.3 A64 T1 2009 _wDEWEY _c2 _iFJ09986 _f2022-1-31 _g4 _lCCODEBUJ1 _mBUJ _p30.00 _r0 _sY _tBOOK _u2015-12-11 _xFCE _PP08 _0COMPRA _o.STAFF. Coleccion General Juliaca |
||
| 999 |
_a657.61 A64 T1 2009 _wDEWEY _c1 _iFJ08959 _d2018-6-6 _e2017-9-29 _f2022-1-31 _g4 _lCCODEBUJ1 _mBUJ _n1 _p30.00 _q2 _r0 _sY _tBOOK _u2016-4-5 _xFCE _PP08 _0COMPRA _o.STAFF. Colección General Juliaca |
||
| 999 |
_a657.61 A64 T1 2009 _wDEWEY _c2 _iFJ07913 _d2018-11-26 _e2017-6-22 _f2022-1-31 _g4 _lCCODEBUJ1 _mBUJ _n1 _p30.00 _q3 _r0 _sY _tBOOK _u2016-4-5 _xFCE _PP08 _0COMPRA _o.STAFF. Colección General Juliaca |
||
| 980 |
_81 _gALBERTO SANCHEZ Responsable de Automatización |
||